Name the Country I name the cricket player - Statistics

General Stats
  • This quiz has been taken 99 times
  • The average score is 6 of 10
Answer Stats
Hint Answer % Correct
Virat Kohli India
96%
Trent Boult New Zealand
90%
Babar Azam Pakistan
84%
Jos Buttler England
72%
Jake Fraser-MCgurk Australia
62%
Kusal Mendis Sri lanka
46%
Shakib Al Hasan Bangladesh
40%
Heinrich Klaasen South africa
40%
Aaron Jones USA
38%
David Wiese Namibia
16%
No matching quizzes found
Score Distribution
Percent of People with Each Score
Percentile by Number Answered
Your Score History
You have not taken this quiz